| 000 | 00604nam a2200241Ia 4500 | ||
|---|---|---|---|
| 999 |
_c1576 _d1576 |
||
| 001 | 1267 | ||
| 003 | PK-LaUMT | ||
| 005 | 20221025110643.0 | ||
| 008 | 140313s9999 xx 000 0 und d | ||
| 020 | _a394332628 | ||
| 040 | _cPK-LaUMT | ||
| 082 |
_a 613 _bLEV-E |
||
| 100 | _aJanet H.Shirreffs | ||
| 245 |
_aEssentials of life & health _cJanet H.Shirreffs<>Mark Dignan<>Marvin R. Levy |
||
| 250 | _a4th | ||
| 260 |
_aNew York, USA: _bRandom House, _c1984. |
||
| 300 | _a481 p. | ||
| 546 | _aEN | ||
| 650 | _aHealth | ||
| 700 | _aMark Dignan | ||
| 700 | _aMarvin R. Levy | ||
| 942 |
_cSTK2001 _2ddc |
||